02070nam a2200325 a 450000100100000000500170001000800410002702000180006804000250008608200130011110000430012424501480016726000400031530000470035550000670040250400440046959000270051370000480054095201170058895201170070595201170082295201110093995201170105095201120116795201120127995201120139195201120150395201120161599900170172700004842620201002061138.0190314s2019 dr ac 000 0 spa d a9789945614169 aDO-SdBNPbspacBNPHU axxxbxxx1 aGarcía Butten, CarolinacDra.97584110aCómo coexistir con tu insuficiencia renal crónica :buna guía para pacientes /cCarolina García Butten ; prólogo Juan B. Abreu Reyes. aSanto Domingo, :bSantuario,c2019. a76 p. :bilustraciones, retratos ;c24 cm. aLa biblioteca posee 3 ejemplares autografíados por el autor. aBibliografía y linkografía p: 73-76 aInventariado, 2019/ YL1 aAbreu Reyes, Juan B.cDr.eprólogo975842 0010718DSaGRbGRcCTd2019-03-14iLF1l0oxxx xxxp48426-30r2020-06-25te. 3w2020-06-25yLFDSZNo se presta 0010718DSaGRbGRcCTd2019-03-14iLF1l0oxxx xxxp48426-40r2020-06-25te. 4w2020-06-25yLFDSZNo se presta 0010718DSaGRbGRcCTd2019-03-14iLF1l0oxxx xxxp48426-50r2020-06-25te. 5w2020-06-25yLFDSZNo se presta 0010718PDaPDbPDcCTd2019-03-14iLF1l0oxxx xxxp48426-10r2020-06-25w2020-06-25yLFPDZNo se presta 0010718PDaPDbPDcCTd2019-03-14iLF1l0oxxx xxxp48426-20r2020-06-25te. 2w2020-06-25yLFPDZNo se presta 00107-18PDaGRbGRcOId2019-03-14iLF1l0oxxx xxxp48427-30r2020-06-25w2020-06-25yLFPDZNo se presta 00107-18PDaGRbGRcOId2019-03-14iLF1l0oxxx xxxp48427-40r2020-06-25w2020-06-25yLFPDZNo se presta 00107-18PDaGRbGRcOId2019-03-14iLF1l0oxxx xxxp48427-50r2020-06-25w2020-06-25yLFPDZNo se presta 00107-18PDaPDbPDcOId2019-03-14iLF1l0oxxx xxxp48427-10r2020-06-25w2020-06-25yLFPDZNo se presta 00107-18PDaPDbPDcOId2019-03-14iLF1l0oxxx xxxp48427-20r2020-06-25w2020-06-25yLFPDZNo se presta c47914d47914